Government and politics in the Lone Star State /

Bibliographic Details
Main Author: Gibson, L. Tucker
Other Authors: Robison, Clay
Format: Book
Language:English
Published: Boston : Pearson, [2013]
Edition:8th ed.
Subjects:

MARC

Tag First Indicator Second Indicator Subfields
LEADER 00000cam a2200000 a 4500
001 in00002784316
005 20151202171842.0
008 120628s2013 mauab b 001 0 eng
010 |a  2012023842 
020 |a 9780205927067 
020 |a 0205927068 
035 |a (OCoLC)ocn798110524 
040 |a DLC  |c DLC  |d TXA  |d UtOrBLW 
043 |a n-us-tx 
049 |a TXAM 
050 0 0 |a JK4816  |b .G53 2013 
082 0 0 |a 320.4764  |2 23 
100 1 |a Gibson, L. Tucker. 
245 1 0 |a Government and politics in the Lone Star State /  |c L. Tucker Gibson, Clay Robison. 
250 |a 8th ed. 
264 1 |a Boston :  |b Pearson,  |c [2013] 
264 4 |c ©2013 
300 |a xix, 461 pages :  |b color illustrations, color maps ;  |c 28 cm. 
336 |a text  |b txt  |2 rdacontent 
337 |a unmediated  |b n  |2 rdamedia 
338 |a volume  |b nc  |2 rdacarrier 
504 |a Includes bibliographical references (pages 429-449) and index. 
651 0 |a Texas  |x Politics and government  |y 1951- 
700 1 |a Robison, Clay. 
948 |a cataloged  |b h  |c 2012/12/17  |d c  |e dmitchel  |f 2:20:20 pm 
994 |a C0  |b TXA 
999 |a MARS 
999 f f |s d7aaba2c-ad9d-3068-838d-d89983c4de33  |i 46021f3b-6bc4-3576-9579-f59c6b153497  |t 0 
952 f f |p ric  |a Texas A&M University  |b Rellis Campus  |c Joint Library Facility  |d Remote Storage  |t 0  |e JK4816 .G53 2013  |h Library of Congress classification  |i unmediated -- volume  |m A14838074828 
998 f f |a JK4816 .G53 2013  |t 0  |l Remote Storage